000
00285nam a2200121Ia 4500
005
20251222141842.0
008
251222s9999||||xx |||||||||||||| ||spa||
082
_a
868.6/P46/Ej.2
100
_a
Pérez - Reverte, Arturo
245
0
_a
Cabo Trafalgar:
264
_b
Alfaguara
942
_c
LIB
999
_c
7466
_d
7466